Statistics for UEFA Champions League Top 2 Positions

Click here to take the quiz!

General Stats

  • This quiz has been taken 223 times
    (133 since last reset)
  • The average score is 129 of 168

Answer Stats

Answer% Correct
Barcelona
100%
Real Madrid
100%
Bayern Munich
99%
Chelsea
99%
Liverpool
99%
Atletico Madrid
98%
Manchester United
98%
AC Milan
97%
Inter Milan
97%
Juventus
97%
Paris Saint-Germain
97%
Tottenham Hotspur
97%
Dortmund
95%
Porto
91%
Ajax
90%
Arsenal
90%
Benfica
87%
Nottingham Forest
84%
Aston Villa
83%
Marseille
82%
PSV Eindhoven
79%
Monaco
77%
Celtic
75%
Lyon
74%
Valencia
74%
Red Star Belgrade
71%
Feyenoord
68%
Leverkusen
68%
Hamburg
64%
Roma
62%
Steaua Bucuresti
58%
Wolfsburg
46%
Fiorentina
40%
Reims
40%
Eintracht Frankfurt
39%
Sampdoria
34%
Borussia Monchengladbach
33%
Frankfurt
33%
Leeds United
33%
Malmo FF
30%
Partizan
26%
Club Brugge
25%
Panathinaikos
23%
Saint-Etienne
22%
Turbine Potsdam
7%
Duisburg
4%
Tyreso
4%
Umea
4%
Fortuna Hjorring
3%
Zvezda Perm
3%
Djurgardens IF
2%

Score Distribution

Percentile by Number Answered

Percent of People with Each Score

Your Score History

You have not taken this quiz since the last reset